[Event "Ruhrgebiet Verbandsklasse Gruppe 2 1617"]
[Site "Germany"]
[Date "2016.10.30"]
[Round "3.7"]
[White "Sehrbrock, Christoph"]
[Black "Mathe, Christian"]
[Result "1-0"]
[WhiteElo "1802"]
[BlackElo "1674"]
[PlyCount "59"]
[EventDate "2016.09.04"]
[EventType "team-tourn"]
[EventRounds "9"]
[EventCountry "GER"]
[SourceTitle "EXT 2022"]
[Source "ChessBase"]
[SourceDate "2021.10.06"]
[SourceVersion "1"]
[SourceVersionDate "2021.10.06"]
[SourceQuality "1"]
[WhiteTeam "Waltrop SV"]
[BlackTeam "Brackel SF II"]
[WhiteTeamCountry "GER"]
[BlackTeamCountry "GER"]

1. e4 d5 2. exd5 Qxd5 3. Nc3 Qd8 4. Bc4 g6 5. Nf3 Bg7 6. d3 Nf6 7. Bf4 a6 8. a4 b6 9. 0-0 Bb7 10. Re1 0-0 11. Qe2 Nc6 12. Ng5 e5 13. Bg3 Nh5 14. Nf3 Nxg3 15. hxg3 Nd4 16. Nxd4 exd4 17. Ne4 Bh6 18. f4 Kg7 19. Nd2 Re8 20. Qf2 c5 21. Nf3 f6 22. Rxe8 Qxe8 23. Re1 Qd7 24. Qe2 Kf8 25. Qe6 Qxe6 26. Rxe6 Bxf3 27. Rxf6+ Ke7 28. Rf7+ Kd6 29. gxf3 b5 30. Bb3 1-0

[Event "Ruhrgebiet Verbandsklasse Gruppe 2 1415"]
[Site "Germany"]
[Date "2014.10.19"]
[Round "2.6"]
[White "Mathe, Christian"]
[Black "Dreesbach, Harald"]
[Result "1/2-1/2"]
[WhiteElo "1644"]
[BlackElo "1738"]
[PlyCount "46"]
[EventDate "2014.09.21"]
[EventType "team-tourn"]
[EventRounds "9"]
[EventCountry "GER"]
[SourceTitle "EXT 2022"]
[Source "ChessBase"]
[SourceDate "2021.10.06"]
[SourceVersion "1"]
[SourceVersionDate "2021.10.06"]
[SourceQuality "1"]
[WhiteTeam "Brackel SF III"]
[BlackTeam "Ahlen SV"]
[WhiteTeamCountry "GER"]
[BlackTeamCountry "GER"]

1. e4 c5 2. Nf3 e6 3. d4 cxd4 4. Nxd4 a6 5. Nc3 Qc7 6. Be3 Nf6 7. Bd3 Bb4 8. Bd2 Nc6 9. Nce2 Bc5 10. c3 Ne5 11. Bf4 Nxd3+ 12. Qxd3 e5 13. Bg3 d6 14. Nb3 Be6 15. Nxc5 dxc5 16. 0-0 Rd8 17. Qc2 0-0 18. f4 Ng4 19. Rf3 f5 20. fxe5 fxe4 21. Rxf8+ Rxf8 22. Qxe4 Qb6 23. c4 Qxb2 1/2-1/2

[Event "Ruhrgebiet VK3 1213"]
[Site "Nordrheinwestfalen"]
[Date "2012.10.28"]
[Round "3"]
[White "Mathe, Christian"]
[Black "Lenz, Helmut"]
[Result "0-1"]
[WhiteElo "1668"]
[BlackElo "2036"]
[PlyCount "54"]
[EventDate "2012.09.02"]
[EventType "team-tourn"]
[EventRounds "9"]
[EventCountry "GER"]
[SourceTitle "EXT 2020"]
[Source "ChessBase"]
[SourceDate "2019.10.17"]
[SourceVersion "1"]
[SourceVersionDate "2019.10.17"]
[SourceQuality "1"]
[WhiteTeam "Brackel SF III"]
[BlackTeam "Eichlinghofen SV II"]
[WhiteTeamCountry "GER"]
[BlackTeamCountry "GER"]

1. e4 b6 2. d4 Bb7 3. Nc3 e6 4. a3 g6 5. Nf3 Bg7 6. Be3 Ne7 7. Qd2 h6 8. Be2 d6 9. h4 Nd7 10. 0-0-0 Nf6 11. Bd3 a6 12. Nh2 c5 13. e5 Nfd5 14. exd6 Nf5 15. Nxd5 Bxd5 16. Bxf5 gxf5 17. dxc5 bxc5 18. Bxc5 Rc8 19. Bd4 f6 20. Qe2 Qxd6 21. Qh5+ Ke7 22. Rhe1 Qf4+ 23. Be3 Qc4 24. Qe2 Qa2 25. Bd4 Be4 26. Rd3 h5 27. f4 Rhd8 0-1